Least Guessed Pokémon - Statistics

General Stats
  • This quiz has been taken 23 times
  • The average score is 6 of 20
Answer Stats
% Guessed Pokémon % Correct
14% Veluza
89%
14% Squawkabilly
42%
14% Espathra
37%
14% Flittle
37%
14% Rabsca
32%
14% Shroodle
32%
14% Finizen
26%
14% Maushold
26%
15% Naclstack
26%
14% Palafin
26%
14% Rellor
26%
15% Tadbulb
26%
14% Tandemaus
26%
15% Tarountula
26%
14% Mabosstiff
21%
14% Maschiff
21%
15% Orthworm
21%
15% Poltchageist
11%
15% Raging Bolt
5%
15% Slither Wing
5%
No matching quizzes found
Score Distribution
Percent of People with Each Score
Percentile by Number Answered
Your Score History
You have not taken this quiz